Sanat - "Jerry Cotton" - Kontra - Statistics

Yleistilastot
  • Tätä visaa on pelattu 49 kertaa
    46 viimeisimmän päivityksen jälkeen
  • Keskiarvotulos 142 / 280
Vastaustilastot
Vastaus % Oikein
Cot
100%
ja
100%
Ja
100%
Jee
100%
jee
100%
Jerry
100%
ajaa
96%
Cotton
87%
Jaguaarilla
87%
Kuka
87%
punasella
74%
Ei
70%
ei
70%
on
70%
On
70%
se
65%
ton
65%
kuin
61%
saa
61%
naama
57%
George
52%
52%
52%
Hän
48%
Jos
48%
Kanala
48%
Ne
48%
tai
48%
perustaa
43%
piiritetty
43%
rauhaa
43%
ulos
43%
aikoo
39%
kanalan
39%
kanssa
39%
kolmannen
39%
minkä
39%
Naderilla
39%
pahat
39%
pojat
39%
soittaa
39%
taitaa
39%
asteen
35%
eläkkeelläkään
35%
haasteen
35%
imuroi
35%
käytän
35%
kettu
35%
kot
35%
Mut
35%
Niin
35%
niin
35%
osaa
35%
Serenaadia
35%
spesiaali
35%
tunnusta
35%
En
30%
hauskempaa
30%
Hoover
30%
istuttaa
30%
Jerrylle
30%
jossain
30%
Kädet
30%
kainaloon
30%
kolmessa
30%
kutista
30%
kyynelkaasuu
30%
loi
30%
mainetta
30%
mies
30%
mun
30%
Näin
30%
paljon
30%
roistoille
30%
sähkötuoliin
30%
Soita
30%
sovinnolla
30%
taidolla
30%
Tuu
30%
vähän
30%
vain
30%
Vain
30%
ylös
30%
ajan
26%
bourbon
26%
gangsterin
26%
Hei
26%
hyppään
26%
isoäidin
26%
Jaguaariin
26%
kaveri
26%
käyttää
26%
kolmekahdeksikon
26%
mitä
26%
ohjeet
26%
Olette
26%
paan
26%
pidätetty
26%
pollarit
26%
rehellinen
26%
rehottaa
26%
sepänsällin
26%
Taas
26%
teitä
26%
toimii
26%
vastaan
26%
Voidaan
26%
alle
22%
baariin
22%
Connecticutista
22%
Joskus
22%
kaali
22%
Kaikkea
22%
kauhu
22%
kiinnostaa
22%
korruptioon
22%
kukat
22%
lähtien
22%
Max
22%
muodon
22%
neljän
22%
New
22%
omatunnolla
22%
oon
22%
peloton
22%
roistojen
22%
rötöksiä
22%
rumat
22%
Salosen
22%
sanoi
22%
sanotte
22%
sun
22%
tästä
22%
toimeen
22%
tulee
22%
unohtuu
22%
urpon
22%
vasikoiden
22%
vilahtaa
22%
vuoksi
22%
Yorkin
22%
Deckerin
17%
jokaisen
17%
juomaksi
17%
käden
17%
kelpaa
17%
Nelliet
17%
Nevillen
17%
paras
17%
Phil
17%
pöydän
17%
rohkee
17%
ruhjeet
17%
ruusun
17%
ryyppään
17%
Tarkastaja
17%
todisteena
17%
turvaudun
17%
tuurissa
17%
viedä
17%
dollarit
13%
G-mies
13%
G-ruudissa
13%
Helenit
13%
koskaan
13%
lopettaisikaan
13%
poimin
13%
seikkailuja
13%
tervapampun
13%
urhee
13%
Uskollinen
13%
ylennystä
13%
FBI:n
9%
LE-23500
9%
muutamat
9%
vaikken
9%
välistä
9%
High
4%
rintakäänteiden
4%
takin
4%
opettavat
0%
Ehtoja vastaavia visoja ei löytynyt
Tulosjakauma
Jokaisen tuloksen saaneiden osuus
Persentiili vastausten määrän mukaan
Tuloshistoriasi
Et ole pelannut tätä visaa sen viimeisimmän päivityksen jälkeen